Police leadership : (Record no. 125712)

MARC details
000 -LEADER
fixed length control field 00744nam a22002297a 4500
005 - DATE AND TIME OF LATEST TRANSACTION
control field 20170124105959.0
010 ## - LIBRARY OF CONGRESS CONTROL NUMBER
LC control number A-991608
020 ## - INTERNATIONAL STANDARD BOOK NUMBER
Terms of availability 00.00
International Standard Book Number 8176481203
035 ## - SYSTEM CONTROL NUMBER
System control number A-991608
037 ## - SOURCE OF ACQUISITION
Source of stock number/acquisition Cen Lib/Ret
040 ## - CATALOGING SOURCE
Original cataloging agency DPL
Language of cataloging EN
082 ## - DEWEY DECIMAL CLASSIFICATION NUMBER
Classification number 362.2
Item number VED
100 ## - MAIN ENTRY--PERSONAL NAME
Personal name Vadackumchery,James
9 (RLIN) 15254
245 ## - TITLE STATEMENT
Title Police leadership :
Statement of responsibility, etc by James Vadackumchery
Remainder of title the inside story /
260 ## - PUBLICATION, DISTRIBUTION, ETC. (IMPRINT)
Place of publication, distribution, etc New Delhi
Name of publisher, distributor, etc A.P.H. Publishing coprporation
Date of publication, distribution, etc 1999
270 ## - ADDRESS
Address 5,Ansari road Darya Ganj
City New Delhi
Postal code 110002
300 ## - PHYSICAL DESCRIPTION
Extent xxxvi,267p.
Dimensions 22cm(Hb)
500 ## - GENERAL NOTE
General note Includes bibliographical reference and index
650 ## - SUBJECT ADDED ENTRY--TOPICAL TERM
Topical term or geographic name as entry element Police training
9 (RLIN) 15255
650 ## - SUBJECT ADDED ENTRY--TOPICAL TERM
Topical term or geographic name as entry element Police--Personnel management
9 (RLIN) 15256
942 ## - ADDED ENTRY ELEMENTS (KOHA)
Source of classification or shelving scheme Dewey Decimal Classification
Koha item type English Books
Classification part 362.2
Call number suffix VED
Holdings
Withdrawn status Lost status Damaged status Not for loan Home library Current library Date acquired Source of acquisition Cost, normal purchase price Total Checkouts Full call number Barcode Date last seen Copy number Cost, replacement price Price effective from Koha item type
        Central Library Central Library 23/06/2015 Cen Lib/Ret 0.00   362.2 VED A-991608 23/06/2015 1 0.00 23/06/2015 English Books

© Delhi Public Library
Hit Counter
free hit counter